Survivor Contestants Season 32: Kaôh Rōng - Statistics

General Stats
  • This quiz has been taken 118 times
    116 since last reset
  • The average score is 13 of 18
Answer Stats
Finish Contestant % Correct
3rd Tai Trang
98%
Winner Michele Fitzgerald
96%
2nd Aubry Bracco
95%
8th Scot Pollard
87%
9th Debbie Wanner
85%
15th Caleb Reynolds*
83%
6th Kyle Jason
83%
4th Cydney Gillon
80%
5th Joseph Del Campo*
79%
11th Neal Gottlieb*
77%
7th Julia Sokolowski
65%
10th Nick Maiorano
61%
14th Alecia Holden
60%
12th Peter Baggenstos
57%
13th Anna Khait
52%
18th Darnell Hamilton
50%
16th Elisabeth Markham
48%
17th Jennifer Lanzetti
43%
No matching quizzes found
Score Distribution
Percent of People with Each Score
Percentile by Number Answered
Your Score History
You have not taken this quiz since the last reset